[Event "FB23 2223 SV Stuttgart-Wolfbusch - SK 19"]
[Site "?"]
[Date "2023.03.12"]
[Round "7.2"]
[White "Siegl, Melina"]
[Black "Bluebaum, Johanna"]
[Result "1/2-1/2"]
[WhiteElo "1972"]
[BlackElo "1954"]
[PlyCount "110"]
[EventDate "2023.??.??"]

1. e4 e6 2. d3 d5 3. Nd2 Nf6 4. Ngf3 Be7 5. g3 O-O 6. Bg2 c5 7. O-O Nc6 8. c3 Qc7 9. Re1 dxe4 10. dxe4 e5 11. Qe2 a6 12. Nh4 g6 13. Nf1 Rd8 14. h3 Be6 15. Ne3 b5 16. g4 Rd7 17. g5 Nh5 18. Nd5 Qd8 19. Nxe7+ Nxe7 20. Be3 Rc8 21. Red1 Rcc7 22. Nf3 Bc4 23. Qe1 Nc6 24. b3 Be6 25. Kh2 Rxd1 26. Rxd1 Rd7 27. Rxd7 Qxd7 28. Bxc5 Nf4 29. Ng1 Qd8 30. Nf3 Qc8 31. Ng1 Nb8 32. Be7 Qc7 33. Ba3 Nd7 34. Qd2 Qc6 35. Bf3 Kg7 36. Qe3 Qc7 37. Bg4 Bxg4 38. hxg4 Qa5 39. Be7 Qxa2 40. Nf3 Qe2 41. Qxe2 Nxe2 42. Nxe5 Nxe5 43. Bf6+ Kf8 44. Bxe5 Nc1 45. b4 Ke7 46. Kg3 Ke6 47. f4 Nb3 48. Bg7 Kd7 49. Kf3 a5 50. bxa5 Nxa5 51. Ke3 Kc6 52. Kd3 Nc4 53. Kd4 Nd2 54. Ke3 Nc4+ 55. Kd4 Nd2 {(=)} 1/2-1/2

[Event "FB23 2223 SV Stuttgart-Wolfbusch - SK 19"]
[Site "?"]
[Date "2023.03.12"]
[Round "7.3"]
[White "Ries, Jutta"]
[Black "Ley, Sabrina"]
[Result "1/2-1/2"]
[WhiteElo "2020"]
[BlackElo "1852"]
[PlyCount "83"]
[EventDate "2023.??.??"]

1. f4 d5 2. Nf3 Nf6 3. b3 g6 4. Bb2 Bg7 5. e3 O-O 6. g3 c5 7. Bg2 Nc6 8. O-O b6 9. Qe2 Bb7 10. d3 Qc7 11. Nbd2 Rfd8 12. Ne5 Nd7 13. Nxc6 Bxc6 14. Bxg7 Kxg7 15. e4 dxe4 16. Bxe4 Nf6 17. Bxc6 Qxc6 18. Nc4 e6 19. Rae1 Rac8 20. a4 h5 21. Qe5 Qd5 22. Re2 Qd4+ 23. Kg2 Rd5 24. Qe3 Qxe3 25. Nxe3 Rd7 26. h3 Rcd8 27. Nc4 Nd5 28. Ne5 Rd6 29. Nf3 Nc3 30. Re5 Nd5 31. Nd2 Nb4 32. Nc4 R6d7 33. Re2 Nd5 34. Kf3 Nc3 35. Re5 Nd5 36. Re2 Nc3 37. Rd2 Nd5 38. Re1 Nb4 39. Ree2 Nc6 40. Ne5 Nd4+ 41. Kf2 Rd6 42. Re1 {(=)} 1/2-1/2

[Event "FB23 2223 SV Stuttgart-Wolfbusch - SK 19"]
[Site "?"]
[Date "2023.03.12"]
[Round "7.4"]
[White "Klotz, Sonja"]
[Black "Blaschke, Franziska"]
[Result "0-1"]
[WhiteElo "1934"]
[BlackElo "1848"]
[PlyCount "68"]
[EventDate "2023.??.??"]

1. e4 e5 2. Nf3 Nc6 3. Bb5 a6 4. Ba4 Nf6 5. O-O b5 6. Bb3 Be7 7. Re1 O-O 8. d3 d6 9. c3 Bb7 10. Nbd2 h6 11. a3 Re8 12. Nf1 Bf8 13. Ng3 Nb8 14. Nf5 Nbd7 15. N3h4 d5 16. exd5 Bxd5 17. Bxd5 Nxd5 18. Qf3 N5f6 19. Qg3 Kh7 20. f4 Nh5 21. Qg4 Ndf6 22. Qf3 exf4 23. Bxf4 Rxe1+ 24. Rxe1 Nxf4 25. Qxf4 g5 26. Qf3 gxh4 27. Nxh4 Rb8 28. Rf1 Rb6 29. Qf5+ Kg8 30. Rf3 Qd7 31. Rg3+ Kh8 32. Qf4 Re6 33. Qf2 Ne4 34. dxe4 Qd1+ 0-1

[Event "FB23 2223 SV Stuttgart-Wolfbusch - SK 19"]
[Site "?"]
[Date "2023.03.12"]
[Round "7.5"]
[White "Mueller, Manon"]
[Black "Thomsen, Larissa"]
[Result "1/2-1/2"]
[WhiteElo "1762"]
[BlackElo "1971"]
[PlyCount "120"]
[EventDate "2023.??.??"]

1. d4 d5 2. c4 e6 3. Nf3 c6 4. Nbd2 Nf6 5. Qc2 Nbd7 6. g3 Be7 7. Bg2 O-O 8. O-O b6 9. e4 dxe4 10. Nxe4 Nxe4 11. Qxe4 Bb7 12. Qc2 Nf6 13. b3 c5 14. dxc5 Bxc5 15. Bb2 Be4 16. Qc1 Qe7 17. Nh4 Bxg2 18. Nxg2 Rfd8 19. Qg5 h6 20. Bxf6 Qxf6 21. Qxf6 gxf6 22. Rad1 Bd4 23. Nf4 Rd6 24. Rd3 Rad8 25. Rfd1 Kf8 26. Kf1 Ke7 27. Ke2 f5 28. f3 Kf6 29. Ng2 Ke7 30. h3 e5 31. Nh4 Kf6 32. g4 e4 33. R3d2 exf3+ 34. Kxf3 fxg4+ 35. hxg4 Bc5 36. Rxd6+ Rxd6 37. Rxd6+ Bxd6 38. Nf5 Bf8 39. Kf4 Ke6 40. Ke4 Kf6 41. Kf4 a5 42. a4 Bb4 43. Ke4 Kg5 44. Kf3 h5 45. Ne3 h4 46. Kg2 Bc5 47. Nf5 Kxg4 48. Nh6+ Kf4 49. Nxf7 Ke4 50. Kh3 Be7 51. Nh8 Kd3 52. Ng6 Bd8 53. Ne5+ Kc3 54. Nc6 Bf6 55. c5 bxc5 56. Nxa5 Kb4 57. Nb7 Be7 58. a5 Kb5 59. a6 Kxa6 60. Nxc5+ Bxc5 {(=)} 1/2-1/2

[Event "FB23 2223 SV Stuttgart-Wolfbusch - SK 19"]
[Site "?"]
[Date "2023.03.12"]
[Round "7.6"]
[White "Lederer, Leia"]
[Black "Tampe, Friederike"]
[Result "0-1"]
[WhiteElo "1780"]
[BlackElo "1597"]
[PlyCount "82"]
[EventDate "2023.??.??"]

1. e4 e5 2. Nf3 Nc6 3. Bb5 a6 4. Ba4 Bc5 5. O-O b5 6. Bb3 Nf6 7. c3 d6 8. d4 exd4 9. cxd4 Bb6 10. Bg5 h6 11. Bh4 O-O 12. Bd5 Bb7 13. Qc1 g5 14. Bxg5 hxg5 15. Bxc6 Bxc6 16. Qxc6 g4 17. Nh4 Bxd4 18. Qc2 Re8 19. Nd2 Nxe4 20. Nxe4 Qxh4 21. Ng3 Bb6 22. Rae1 Qf6 23. Rxe8+ Rxe8 24. Qd2 Re5 25. b3 d5 26. Ne2 c5 27. Kh1 c4 28. f3 gxf3 29. Rxf3 Qe6 30. Ng3 Re1+ 31. Nf1 d4 32. Qf2 d3 33. Qg3+ Kf8 34. Qb8+ Ke7 35. Qb7+ Ke8 36. Qb8+ Bd8 37. Qg3 d2 38. Qg8+ Kd7 39. Rxf7+ Kc8 40. Rc7+ Kxc7 41. Qg7+ Kc8 0-1

[Event "FB23 2223 SG Augsburg 1873 - TSV Schott "]
[Site "?"]
[Date "2023.03.12"]
[Round "7.1"]
[White "Sinitsina, Anastassia"]
[Black "Horvath, Maria"]
[Result "1-0"]
[WhiteElo "2201"]
[BlackElo "1911"]
[PlyCount "117"]
[EventDate "2023.??.??"]

1. e4 e6 2. d3 d5 3. Nd2 Nf6 4. Ngf3 Nc6 5. g3 Bc5 6. Bg2 dxe4 7. dxe4 e5 8. O-O O-O 9. Qe2 Qe7 10. Nc4 Bg4 11. c3 a5 12. h3 Bh5 13. Ne3 Bxe3 14. Qxe3 Bxf3 15. Qxf3 Qe6 16. Re1 Rfd8 17. Bg5 Rd6 18. Bf1 Rad8 19. Kg2 Ne7 20. b3 Nc8 21. Be2 Qd7 22. Rad1 Qc6 23. Bxf6 gxf6 24. Rxd6 Nxd6 25. Qxf6 Re8 26. Bh5 Qxc3 27. Rd1 Rf8 28. Rd5 Ne8 29. Qg5+ Ng7 30. Rd8 Qc6 31. Bf3 f6 32. Rxf8+ Kxf8 33. Qh6 Kg8 34. h4 b5 35. Qd2 Ne6 36. Qxa5 Nd4 37. Qd2 Kg7 38. Qd3 Qc1 39. a4 bxa4 40. bxa4 c5 41. Be2 Nxe2 42. Qxe2 c4 43. Qg4+ Kf7 44. Qd7+ Kg6 45. a5 c3 46. a6 Qa3 47. a7 c2 48. Qe8+ Kg7 49. a8=Q Qxa8 50. Qxa8 c1=Q 51. Qb7+ Kg8 52. Qd5+ Kf8 53. Qd8+ Kf7 54. Qd7+ Kg6 55. Qe8+ Kg7 56. Qe7+ Kg6 57. h5+ Kxh5 58. Qxf6 Qc3 59. f3 1-0

[Event "FB23 2223 SG Augsburg 1873 - TSV Schott "]
[Site "?"]
[Date "2023.03.12"]
[Round "7.2"]
[White "Kosc, Renata"]
[Black "Krasnopeyeva, Julia"]
[Result "0-1"]
[WhiteElo "1970"]
[BlackElo "1883"]
[PlyCount "44"]
[EventDate "2023.??.??"]

1. f4 g6 2. Nf3 Bg7 3. g3 f5 4. c4 Nf6 5. Nc3 O-O 6. Bg2 d6 7. d4 Nbd7 8. O-O c5 9. e3 Rb8 10. Rb1 Ng4 11. h3 Nh6 12. Ng5 Nf6 13. d5 Ne8 14. Qd3 Nc7 15. b3 Nf7 16. Nxf7 Rxf7 17. Bb2 Bd7 18. Kh2 b5 19. cxb5 Nxb5 20. Rfe1 Qa5 21. Na4 Bxb2 22. Rxb2 Qxe1 0-1

[Event "FB23 2223 SG Augsburg 1873 - TSV Schott "]
[Site "?"]
[Date "2023.03.12"]
[Round "7.3"]
[White "Brandl, Lea Maria"]
[Black "Braun, Kristin"]
[Result "1/2-1/2"]
[WhiteElo "1864"]
[BlackElo "1868"]
[PlyCount "90"]
[EventDate "2023.??.??"]

1. d4 Nf6 2. c4 g6 3. Nc3 Bg7 4. e4 d6 5. Nf3 O-O 6. Be2 e5 7. O-O Nc6 8. d5 Ne7 9. Nd2 Nd7 10. Rb1 f5 11. b4 f4 12. Bg4 Nf6 13. Bxc8 Qxc8 14. f3 g5 15. a4 Ng6 16. c5 Rf7 17. Nc4 Bf8 18. Ba3 Rg7 19. Qd3 g4 20. fxg4 Qxg4 21. Qh3 Qxh3 22. gxh3 dxc5 23. bxc5 Nd7 24. Rxb7 Nxc5 25. Rb2 Be7 26. Rfb1 Nf8+ 27. Kf1 Nfd7 28. Rd2 Kh8 29. Rg2 Rxg2 30. Kxg2 Rg8+ 31. Kf3 Rg6 32. Nb5 Rh6 33. Kg2 Rg6+ 34. Kf3 Rh6 35. Kg2 c6 36. dxc6 Rxc6 37. Nxa7 Ra6 38. Nc8 Bf8 39. N8b6 Nxb6 40. Nxb6 Nxa4 41. Bxf8 Rxb6 42. Ra1 Rb2+ 43. Kg1 Nb6 44. Ra7 Kg8 45. Bh6 Rb1+ {(=)} 1/2-1/2

[Event "FB23 2223 SG Augsburg 1873 - TSV Schott "]
[Site "?"]
[Date "2023.03.12"]
[Round "7.4"]
[White "Todorova, Kalina"]
[Black "Mueller, Riyanna"]
[Result "0-1"]
[WhiteElo "1795"]
[BlackElo "1585"]
[PlyCount "96"]
[EventDate "2023.??.??"]

1. d4 d5 2. c4 dxc4 3. e4 Nf6 4. Nc3 e5 5. d5 Bc5 6. Nf3 Ng4 7. Qa4+ c6 8. Nd1 b5 9. Qc2 cxd5 10. a4 Nc6 11. h3 Nb4 12. Qb1 Nf6 13. exd5 e4 14. Nd2 Qxd5 15. Nc3 Qe5 16. axb5 Nd3+ 17. Bxd3 exd3+ 18. Kd1 Be6 19. Nf3 Qh5 20. Be3 Bxe3 21. fxe3 Nd5 22. Kd2 O-O 23. Rg1 Nxc3 24. bxc3 Bxh3 25. Rh1 Qg4 26. Qd1 Bxg2 27. Ne5 Qxd1+ 28. Rhxd1 Bd5 29. Ra4 Rfc8 30. Rda1 f6 31. Ng4 h5 32. Nf2 h4 33. e4 Bb7 34. Rh1 g5 35. Ng4 Kg7 36. Rf1 Bxe4 37. Rxf6 Rf8 38. Rxf8 Rxf8 39. Rxa7+ Kg6 40. b6 Kh5 41. Ke3 d2 42. Ra1 Kxg4 43. Rg1+ Kf5 44. Rf1+ Ke5 45. Rxf8 d1=Q 46. Re8+ Kf5 47. Rf8+ Ke6 48. Kxe4 Qd3# 0-1

[Event "FB23 2223 SG Augsburg 1873 - TSV Schott "]
[Site "?"]
[Date "2023.03.12"]
[Round "7.5"]
[White "Zemke, Christine"]
[Black "Nentwig, Nicole"]
[Result "1/2-1/2"]
[WhiteElo "1677"]
[BlackElo "1878"]
[PlyCount "86"]
[EventDate "2023.??.??"]

1. d4 Nf6 2. e3 e6 3. Bd3 c5 4. c3 d5 5. Nd2 c4 6. Bc2 b5 7. f4 Nc6 8. Ngf3 Bd6 9. O-O Ne7 10. Ne5 Qc7 11. Qf3 Ng6 12. g3 O-O 13. h4 Nd7 14. e4 Bb7 15. Nxd7 Qxd7 16. e5 Bc7 17. f5 Nxe5 18. dxe5 Bxe5 19. Qg4 Bf6 20. Nf3 Qd6 21. Bf4 e5 22. Bg5 Qb6+ 23. Kh2 e4 24. Bxf6 Qxf6 25. Nd4 b4 26. Rab1 a5 27. Ba4 Ra6 28. Qf4 Qd6 29. Qg4 Qe5 30. Qf4 Qd6 31. Bb5 Rb6 32. Qxd6 Rxd6 33. Rbe1 Rb8 34. Re2 Ba6 35. Bxa6 Rxa6 36. Rd1 a4 37. cxb4 Rxb4 38. a3 Rb8 39. Rc1 h6 40. Rec2 g5 41. fxg6 fxg6 42. Kg2 Kg7 43. Kf2 Kf6 {(=)} 1/2-1/2

[Event "FB23 2223 SG Augsburg 1873 - TSV Schott "]
[Site "?"]
[Date "2023.03.12"]
[Round "7.6"]
[White "Specht, Maria"]
[Black "Vayssiere, Nina"]
[Result "1-0"]
[WhiteElo "1853"]
[BlackElo "1513"]
[PlyCount "61"]
[EventDate "2023.??.??"]

1. d4 d5 2. e3 Nf6 3. Bd3 e6 4. Nd2 c5 5. c3 Nc6 6. Ngf3 c4 7. Bc2 b5 8. Ne5 Bb7 9. b3 cxb3 10. axb3 Bd6 11. Nxc6 Bxc6 12. O-O O-O 13. f4 Ne4 14. Nxe4 dxe4 15. c4 f5 16. c5 Bc7 17. b4 g5 18. g3 g4 19. Bb3 Kf7 20. Bb2 h5 21. Rf2 Rh8 22. d5 exd5 23. Bxh8 Qxh8 24. Bxd5+ Bxd5 25. Qxd5+ Ke7 26. Ra6 Qc8 27. Rh6 Qg8 28. Qxf5 Rf8 29. Qxe4+ Kd8 30. Rd2+ Kc8 31. Qa8+ 1-0

[Event "FB23 2223 SC NT Nürnberg - Karlsruher S"]
[Site "?"]
[Date "2023.03.12"]
[Round "7.6"]
[White "Albayrak, Aylin"]
[Black "Scheynin, Julia"]
[Result "0-1"]
[WhiteElo "1693"]
[BlackElo "1969"]
[PlyCount "80"]
[EventDate "2023.??.??"]

1. d4 d5 2. c4 e6 3. Nf3 Nf6 4. Bg5 Be7 5. Nc3 O-O 6. e3 b6 7. cxd5 Nxd5 8. Nxd5 exd5 9. Bxe7 Qxe7 10. Be2 Be6 11. Rc1 c5 12. Ne5 Rc8 13. O-O Nd7 14. Nxd7 Qxd7 15. Rc3 c4 16. f3 f5 17. Qc2 b5 18. a3 a5 19. b4 axb4 20. axb4 Ra4 21. Rb1 Qd6 22. Qb2 Rca8 23. Bd1 Ra2 24. Qc1 f4 25. Bc2 fxe3 26. Rxe3 Bf7 27. Qd1 Qf4 28. Qd2 Qd6 29. Qd1 Rxc2 30. Qxc2 Bg6 31. Qc1 Bxb1 32. Qxb1 Qf4 33. Re1 Qxd4+ 34. Kf1 Qf6 35. Qd1 d4 36. Qe2 d3 37. Qe4 Rd8 38. Rd1 Qd6 39. Qh4 c3 40. Ke1 c2 0-1

[Event "FB23 2223 SC NT Nürnberg - Karlsruher S"]
[Site "?"]
[Date "2023.03.12"]
[Round "7.5"]
[White "Pellicoro, Nathalie"]
[Black "Adelhardt, Lisa"]
[Result "1/2-1/2"]
[WhiteElo "1853"]
[BlackElo "1544"]
[PlyCount "82"]
[EventDate "2023.??.??"]

1. e4 e5 2. Nf3 Nc6 3. Bc4 Bc5 4. d3 d6 5. c3 Nf6 6. O-O O-O 7. Re1 Re8 8. h3 a6 9. a4 Be6 10. Bb3 h6 11. Bc2 d5 12. Qe2 Nd7 13. Nbd2 a5 14. Nf1 d4 15. Ng3 Nf8 16. Nh2 Qf6 17. Ng4 Bxg4 18. hxg4 Ne6 19. Nh5 Qg6 20. Bd2 Rad8 21. Rad1 Kh8 22. Bb3 Rd6 23. Qf3 Re7 24. Ng3 Ng5 25. Bxg5 Qxg5 26. Nf5 Rf6 27. Qh3 Re8 28. Bd5 g6 29. Nxh6 Kg7 30. Nxf7 Qf4 31. g5 Qxf2+ 32. Kh1 Rxf7 33. Qh6+ Kg8 34. Qxg6+ Kh8 35. Bxf7 Qh4+ 36. Kg1 dxc3+ 37. d4 Bxd4+ 38. Rxd4 Qxe1+ 39. Kh2 Qh4+ 40. Kg1 Qe1+ 41. Kh2 Qh4+ 1/2-1/2

[Event "FB23 2223 SC NT Nürnberg - Karlsruher S"]
[Site "?"]
[Date "2023.03.12"]
[Round "7.4"]
[White "Loebel, Petra"]
[Black "Kiefhaber, Veronika"]
[Result "1/2-1/2"]
[WhiteElo "1834"]
[BlackElo "2107"]
[PlyCount "42"]
[EventDate "2023.??.??"]

1. e4 c5 2. Nc3 Nc6 3. g3 g6 4. Bg2 Bg7 5. d3 d6 6. Be3 e6 7. Qd2 Qa5 8. Nge2 Nd4 9. Nc1 Bd7 10. O-O Ne7 11. Nb3 Qc7 12. Nd1 O-O 13. Nc1 Rac8 14. c3 Ndc6 15. Ne2 b6 16. Bh6 Rce8 17. Bxg7 Kxg7 18. Ne3 f5 19. Rad1 Bc8 20. exf5 Nxf5 21. Nxf5+ exf5 1/2-1/2

[Event "FB23 2223 SC NT Nürnberg - Karlsruher S"]
[Site "?"]
[Date "2023.03.12"]
[Round "7.3"]
[White "Heinatz, Gundula"]
[Black "Albayrak, Berrak"]
[Result "1-0"]
[WhiteElo "2177"]
[BlackElo "1669"]
[PlyCount "55"]
[EventDate "2023.??.??"]

1. d4 d6 2. Nf3 Nf6 3. Nc3 g6 4. e4 Bg7 5. h3 c6 6. Be3 b5 7. Bd3 Nbd7 8. e5 dxe5 9. dxe5 Nd5 10. Nxd5 cxd5 11. O-O O-O 12. Bd4 a6 13. c3 Qc7 14. Qe2 Nc5 15. Bxc5 Qxc5 16. a3 Bh6 17. Nd4 Bd7 18. Rae1 Bc6 19. h4 Be8 20. h5 Rb8 21. Qg4 Rb6 22. e6 Rxe6 23. Nxe6 fxe6 24. hxg6 hxg6 25. Bxg6 Bxg6 26. Qxg6+ Bg7 27. Rxe6 a5 28. Rc6 1-0

[Event "FB23 2223 SC NT Nürnberg - Karlsruher S"]
[Site "?"]
[Date "2023.03.12"]
[Round "7.2"]
[White "Albayrak, Nese Pinar"]
[Black "Schmidt, Jessica"]
[Result "1/2-1/2"]
[WhiteElo "1748"]
[BlackElo "2215"]
[PlyCount "45"]
[EventDate "2023.??.??"]

1. e4 e5 2. Nf3 Nc6 3. Bb5 a6 4. Ba4 Nf6 5. O-O b5 6. Bb3 Be7 7. Re1 O-O 8. h3 d6 9. c3 Na5 10. Bc2 c5 11. d4 Nc6 12. d5 Nb8 13. a4 Bb7 14. Nbd2 c4 15. Nf1 Nbd7 16. Ng3 g6 17. Nh4 Nxd5 18. Nhf5 N5f6 19. Bh6 Re8 20. Ng7 Rf8 21. N7f5 Re8 22. Ng7 Rf8 23. N7f5 1/2-1/2

[Event "FB23 2223 SC NT Nürnberg - Karlsruher S"]
[Site "?"]
[Date "2023.03.12"]
[Round "7.1"]
[White "Georgescu, Lena"]
[Black "Hrebenshchykova, Yelyzaveta"]
[Result "0-1"]
[WhiteElo "2282"]
[BlackElo "2289"]
[PlyCount "78"]
[EventDate "2023.??.??"]

1. e4 e6 2. d4 d5 3. Nc3 Bb4 4. e5 c5 5. a3 Bxc3+ 6. bxc3 Qa5 7. Bd2 Qa4 8. Qg4 Kf8 9. h4 Nc6 10. h5 Qxc2 11. Rc1 Qe4+ 12. Qxe4 dxe4 13. Rh4 cxd4 14. cxd4 h6 15. Rxe4 Nge7 16. Nf3 b6 17. Re3 Bb7 18. Rec3 Rc8 19. Bb5 g6 20. hxg6 fxg6 21. Ke2 Kf7 22. Be3 a6 23. Bc4 b5 24. Ba2 b4 25. Rc5 bxa3 26. Rb1 Ba8 27. Nd2 Rhd8 28. Nc4 Nf5 29. d5 Ncd4+ 30. Bxd4 Nxd4+ 31. Kd3 Rxc5 32. Nd6+ Ke7 33. Kxd4 Rc2 34. Bc4 a2 35. Rh1 Bxd5 36. Bd3 Rxf2 37. Ke3 Rxg2 38. Rxh6 a1=Q 39. Rh7+ Kf8 0-1

[Event "FB23 2223 SC Bavaria Regensburg 1881 - S"]
[Site "?"]
[Date "2023.03.12"]
[Round "7.6"]
[White "Hofmann, Karina"]
[Black "Farhadyar, Kiana"]
[Result "1-0"]
[WhiteElo "1627"]
[BlackElo "1546"]
[PlyCount "93"]
[EventDate "2023.??.??"]

1. f4 d5 2. Nf3 Nf6 3. e3 e6 4. b3 c5 5. Bb5+ Bd7 6. Qe2 a6 7. Bxd7+ Qxd7 8. Ne5 Qc7 9. Bb2 Be7 10. d3 Nc6 11. Nd2 O-O 12. O-O b5 13. Ng4 d4 14. Ne4 Nxg4 15. Qxg4 f5 16. Qh3 fxe4 17. Qxe6+ Kh8 18. dxe4 Qc8 19. Qxc8 Raxc8 20. exd4 Nxd4 21. Rf2 Ne6 22. g3 c4 23. Rf3 Bc5+ 24. Kg2 Nd4 25. Bxd4 Bxd4 26. c3 Bb6 27. e5 Rfd8 28. e6 g6 29. g4 Rd2+ 30. Kh3 Bc7 31. bxc4 bxc4 32. Re1 Rxa2 33. Re4 Bd6 34. Rd4 Be7 35. Rd7 Re8 36. f5 gxf5 37. gxf5 Bf6 38. Re3 Rc2 39. Rf7 Bxc3 40. f6 Bd4 41. e7 Bc5 42. Rf8+ Rxf8 43. e8=Q Rf2 44. Qe5 R8xf6 45. Qxc5 R2f4 46. Re8+ Kg7 47. Qg5+ 1-0

[Event "FB23 2223 SC Bavaria Regensburg 1881 - S"]
[Site "?"]
[Date "2023.03.12"]
[Round "7.5"]
[White "Thode, Gilda"]
[Black "Prinzen, Siri Marleen"]
[Result "1/2-1/2"]
[WhiteElo "1914"]
[BlackElo "1724"]
[PlyCount "161"]
[EventDate "2023.??.??"]

1. d4 d5 2. Nf3 Nf6 3. Bg5 e6 4. e3 Be7 5. Nbd2 Nbd7 6. Bd3 a6 7. a4 c5 8. c3 b6 9. b3 Bb7 10. Qb1 h6 11. Bh4 Bc6 12. O-O O-O 13. Rc1 b5 14. axb5 axb5 15. Rxa8 Qxa8 16. Ne5 c4 17. Be2 Re8 18. f4 Nxe5 19. fxe5 Nd7 20. Bxe7 Rxe7 21. Qa1 Re8 22. Bf3 Nb6 23. bxc4 bxc4 24. Rb1 Qxa1 25. Rxa1 Ra8 26. Rxa8+ Bxa8 27. Kf2 Bc6 28. Ke1 Ba4 29. e4 Bc6 30. exd5 Bxd5 31. Bxd5 exd5 32. Nf1 Kf8 33. Ne3 g6 34. Kd2 Ke7 35. Kc2 Ke6 36. g4 f6 37. exf6 Kxf6 38. h4 Ke6 39. Nd1 Kf6 40. Ne3 Ke6 41. Kd2 Nd7 42. Ng2 Kf6 43. Ke3 g5 44. h5 Ke6 45. Kf3 Nf6 46. Ne3 Kd7 47. Nf5 Ng8 48. Ke3 Kc6 49. Kd2 Kb5 50. Kc2 Ka4 51. Kb2 Ka5 52. Ka3 Kb5 53. Nd6+ Ka5 54. Ne8 Kb5 55. Nc7+ Kc6 56. Ne6 Nf6 57. Nd8+ Kb5 58. Nf7 Nxg4 59. Kb2 Nf6 60. Nxh6 Nxh5 61. Kc2 Ng3 62. Ng4 Ne4 63. Ne5 Kb6 64. Ng4 Kc6 65. Ne3 Kd6 66. Ng4 Ke6 67. Ne3 Nf2 68. Kd2 g4 69. Ke2 g3 70. Kf3 Ne4 71. Nc2 Kf6 72. Kg2 Kg5 73. Kf3 Kh5 74. Ne3 Nxc3 75. Kxg3 Ne2+ 76. Kf2 Nxd4 77. Nxd5 Kg4 78. Ke3 Nb3 79. Nb6 c3 80. Kd3 Nc5+ 81. Kxc3 1/2-1/2

[Event "FB23 2223 SC Bavaria Regensburg 1881 - S"]
[Site "?"]
[Date "2023.03.12"]
[Round "7.4"]
[White "Oberhofer, Marie"]
[Black "Spiegelberg, Silvia"]
[Result "0-1"]
[WhiteElo "1748"]
[BlackElo "1929"]
[PlyCount "116"]
[EventDate "2023.??.??"]

1. e4 e5 2. Nf3 Nf6 3. d4 Nxe4 4. Bd3 d5 5. Nxe5 Nd7 6. O-O Nxe5 7. dxe5 Nc5 8. Nc3 c6 9. Ne2 Nxd3 10. Qxd3 g6 11. Be3 Bg7 12. f4 O-O 13. Ng3 b6 14. c3 Qc7 15. Rae1 Bb7 16. Ne2 c5 17. b4 Qc6 18. Rf2 Rac8 19. bxc5 bxc5 20. Rb1 Ba6 21. Qd2 Rb8 22. Rff1 Rfd8 23. Rfd1 Bb7 24. Ng3 Rd7 25. Qf2 Rc8 26. Rd2 f6 27. e6 Qxe6 28. Bxc5 f5 29. Bd4 Qc6 30. Re1 a6 31. Rde2 Rf7 32. Re6 Qd7 33. Qe3 Bc6 34. Bxg7 Rxg7 35. Ne2 Bb5 36. Nd4 Rf7 37. Nxb5 Qxb5 38. Re8+ Qxe8 39. Qxe8+ Rxe8 40. Rxe8+ Kg7 41. Rd8 Rc7 42. Rxd5 Rxc3 43. Rd7+ Kh6 44. Rd2 Kh5 45. g3 a5 46. Rg2 Kg4 47. Rf2 Kh3 48. Kf1 Rc1+ 49. Ke2 Rc2+ 50. Ke3 Rxf2 51. Kxf2 Kxh2 52. Kf3 Kh3 53. a4 h6 54. Kf2 Kg4 55. Kg2 g5 56. fxg5 hxg5 57. Kf2 f4 58. gxf4 Kxf4 0-1

[Event "FB23 2223 SC Bavaria Regensburg 1881 - S"]
[Site "?"]
[Date "2023.03.12"]
[Round "7.3"]
[White "Hund, Barbara"]
[Black "Leuchsenring, Christina"]
[Result "1-0"]
[WhiteElo "2064"]
[BlackElo "1908"]
[PlyCount "63"]
[EventDate "2023.??.??"]

1. e4 c5 2. Nc3 Nc6 3. Bb5 g6 4. Bxc6 dxc6 5. d3 Bg7 6. Be3 b6 7. Qd2 Nf6 8. Bh6 Bxh6 9. Qxh6 Ng4 10. Qd2 Be6 11. h3 Nf6 12. Nf3 Qc7 13. Qe3 Nh5 14. Ne2 h6 15. a4 a5 16. O-O g5 17. d4 c4 18. d5 cxd5 19. exd5 Bc8 20. Ned4 O-O 21. h4 Nf4 22. hxg5 Nxd5 23. Qe4 hxg5 24. Qxd5 g4 25. Qg5+ Kh7 26. Qh5+ Kg8 27. Ng5 Kg7 28. Rfe1 Rh8 29. Qxf7+ Kh6 30. Nge6 Bxe6 31. Nxe6 Rh7 32. Qf5 1-0

[Event "FB23 2223 SC Bavaria Regensburg 1881 - S"]
[Site "?"]
[Date "2023.03.12"]
[Round "7.2"]
[White "Bardorz, Jana"]
[Black "Hund, Sarah"]
[Result "1-0"]
[WhiteElo "2034"]
[BlackElo "2036"]
[PlyCount "153"]
[EventDate "2023.??.??"]

1. e4 e5 2. Nf3 Nc6 3. Bb5 a6 4. Ba4 Nf6 5. Nc3 Bc5 6. O-O b5 7. Bb3 O-O 8. d3 h6 9. a4 Rb8 10. axb5 axb5 11. Nd5 d6 12. Be3 Bxe3 13. Nxe3 g6 14. c3 Kg7 15. Nd2 Nh5 16. g3 Bh3 17. Re1 Qd7 18. Bc2 b4 19. Nf3 Nd8 20. d4 f6 21. Nd5 Nf7 22. Ra7 Rfc8 23. Nxb4 Bg4 24. Ba4 Qe7 25. Nc6 Qf8 26. Nxb8 Ng5 27. Nxg5 Bxd1 28. Ne6+ Kf7 29. Nxf8 Bxa4 30. Rxa4 Rxb8 31. Nxg6 Kxg6 32. b4 Rb6 33. d5 f5 34. Ra7 c6 35. Rc7 cxd5 36. exd5 Nf6 37. Rd1 Ne4 38. Rc6 Rb8 39. f3 Ng5 40. Rxd6+ Kh5 41. Kg2 Ra8 42. Rd2 e4 43. g4+ fxg4 44. fxg4+ Kxg4 45. Rxh6 Rg8 46. d6 Nf3 47. Re2 Ne5 48. Kf1 Rf8+ 49. Rf2 Ra8 50. Rg2+ Kf4 51. Rh4+ Kf5 52. Rh5+ Kf4 53. Re2 Nf3 54. Rh7 Rf8 55. Re7 Ne5 56. Rf2+ Nf3 57. Ke2 Ra8 58. Rf7+ Ke5 59. d7 Ke6 60. Rg7 Ne5 61. Ke3 Nxd7 62. Kxe4 Rc8 63. Kd4 Ne5 64. Rc2 Rc4+ 65. Ke3 Kd5 66. Kf2 Rf4+ 67. Kg3 Rf3+ 68. Kg2 Rf4 69. Rc7 Nc4 70. Rc5+ Kd6 71. Re2 Nb6 72. Kg3 Rf8 73. h4 Nc8 74. h5 Ne7 75. Kg4 Nd5 76. Rd2 Rg8+ 77. Kh4 1-0

[Event "FB23 2223 SC Bavaria Regensburg 1881 - S"]
[Site "?"]
[Date "2023.03.12"]
[Round "7.1"]
[White "Paddock, Silvia"]
[Black "Arnhold, Steffi"]
[Result "0-1"]
[WhiteElo "2148"]
[BlackElo "2098"]
[PlyCount "78"]
[EventDate "2023.??.??"]

1. e4 c5 2. Nf3 e6 3. d4 cxd4 4. Nxd4 a6 5. c4 Qc7 6. Bd3 Nc6 7. Be3 Nf6 8. Nc3 Ne5 9. Rc1 Neg4 10. Bg5 Bc5 11. Bxf6 Qf4 12. Rc2 gxf6 13. Nf3 Rg8 14. g3 Qh6 15. a3 d6 16. Bf1 Bd7 17. Bg2 Rd8 18. h3 Ne5 19. Qe2 Ba7 20. Rd2 Ke7 21. Nd4 Rc8 22. b3 b5 23. f4 Rxg3 24. fxe5 Re3 25. Nf5+ exf5 26. Nd5+ Ke8 27. Nxe3 Bxe3 28. Rxd6 f4 29. exf6 Qh4+ 30. Kd1 bxc4 31. Kc2 cxb3+ 32. Kxb3 Bb5 33. Qb2 Qg5 34. Rd5 Bc4+ 35. Ka4 Bxd5 36. exd5 Qf5 37. Qb4 Qc2+ 38. Ka5 Bd2 39. Re1+ Kd8 0-1